00405nam a22001337a 450000500170000002000220001703500220003903700130006110000260007424500860010026000450018630000220023170000180025320180727130420.0 a0195647351c00.00 aB-11632, B-011631 aDPLbENG aDholakia, Ravindra H. aMicroeconomics for management students /cby Ravindra H. Dholakia and Ajay N. Oza aNew DelhibOxford University Pressc1999 ax, 535p.c18 cms. aOza, Ajay N.